| 000 | 00735nam a2200217Ia 4500 | ||
|---|---|---|---|
| 005 | 20241129110109.0 | ||
| 008 | 241129s9999||||xx |||||||||||||| ||und|| | ||
| 020 | _a978-93-54351-40-2 | ||
| 037 | _aTB | ||
| 040 |
_aARTS _beng _cARTS |
||
| 041 |
_aeng _2eng |
||
| 084 |
_aXv2 R3 _qARTS |
||
| 100 |
_aR. Mahalakshmi Ed.; Ghosh Suchandra Ed. _9727208 |
||
| 245 | 0 |
_aEconomic history of India: historiographical issues and perspectives:essays in honour of professor Ranabir Chakravarti _cR. Mahalakshmi Ed.; Ghosh Suchandra Ed. |
|
| 260 |
_aNew Delhi, India _bNew Bloomsbury _c2023 |
||
| 300 | _aviii,449p. | ||
| 365 |
_aINR _b1299 |
||
| 650 |
_aEconomicsHistory _9727209 |
||
| 942 |
_cTB _hXv2 R3 |
||
| 999 |
_c1227294 _d1227294 |
||